1423 1032 1862 1719 1113 1957 1597 1581 1012 1449 1542 1900 1438 1748 1623 1509 1610 1740 1492 1420 1070 1126 1351 1024 1261 1245 1447 1858 1467 1385 1732 1135 1435 1813 1333 1532 1609 1070 1366 1324 1568 1432 1713 1902 1896 1269 1179 1970 1279 1541 1014 1016 1732 1583 1181 1725 1476 1765 1447 1369 1952 1970 1042 1745 1721 1935 1359 1358 1037 1188 1849 1968 1070 1514 1398 1859 1522 1480 1767 1886 1511 1222 1772 1961 1521 1028 1062 1695 1729 1650 1092 1476 1336 1178 1182 1590 1885 1564 1392 BCNSPRNW ULIB Ver.6.0+V

เปลี่ยนเป็นภาษาไทย

Change to English
 แสดงรายละเอียดบรรณานุกรม
  กลับหน้าหลัก

Brief Record : Get Marc (ISO 2709) : E-mail record : QR code < ปิดหน้าต่าง
LEADER : 00000nas 2200000uu 4500
001    13399114165
003     ULIB
008    020711s|||| th a 000 0 tha d
022    ^a19065681
110    ^aมหาวิทยาลัยนราธิวาสราชนครินทร์
245    ^aวารสารมหาวิทยาลัยนราธิวาสราชนครินทร์
260    ^aนราธิวาส :^bมหาวิทยาลัยนราธิวาสราชนครินทร์,^cม.ป.ป.
310    ^aรายสี่เดือน
850    ^aฉบับที่ 1 ปีที่ 4;ฉบับที่ 2 ปีที่ 4;ฉบับที่ 3 ปีที่ 4;ฉบับที่ 1 ปีที่ 5;ฉบับที่ 2 ปีที่ 5
945    ^p0^l0^i900189
945    ^p0^l0^i900490
945    ^p0^l0^i900953
945    ^p0^l0^i901157
945    ^p0^l0^i901456
999 ^a ทศพร
รายการนี้ยังไม่มีแท็ก
คุณยังไม่ได้ล็อกอิน คุณสามารถมีกิจกรรมร่วมกับเว็บไซต์ได้ แต่ต้องล็อกอินก่อน ::
  ล็อกอิน

รายการสื่อสารสนเทศ (วารสาร)

ดูแบบ: กล่อง รายการ
ARRIVED
ฉบับที่ 1 ปีที่ 4
สถานที่: ห้องสมุดวิทยาเขตสวรรค์ประชารักษ์ >วารสาร
ARRIVED
ฉบับที่ 2 ปีที่ 4
สถานที่: ห้องสมุดวิทยาเขตสวรรค์ประชารักษ์ >วารสาร
ARRIVED
ฉบับที่ 3 ปีที่ 4
สถานที่: ห้องสมุดวิทยาเขตสวรรค์ประชารักษ์ >หนังสือทั่วไป
ARRIVED
ฉบับที่ 1 ปีที่ 5
สถานที่: ห้องสมุดวิทยาเขตสวรรค์ประชารักษ์ >วารสาร
ARRIVED
ฉบับที่ 2 ปีที่ 5
สถานที่: ห้องสมุดวิทยาเขตสวรรค์ประชารักษ์ >วารสาร
รายการใกล้เคียง
    ผู้แต่ง []

BibComment


ยังไม่เคยถูกคอมเมนท์

คอมเมนท์ทรัพยากรรายการนี้
  คอมเมนท์: วารสารมหาวิทยาลั..


 Copyright 2026. Bcnsprnw @Library